Vista normal
Vista MARC
Entrada Personal Name
Número de registros utilizados en: 1
001 - CONTROL NUMBER
- control field: 10337
003 - CONTROL NUMBER IDENTIFIER
- control field: DLC
005 - DATE AND TIME OF LATEST TRANSACTION
- control field: 20210121122929.0
008 - FIXED-LENGTH DATA ELEMENTS
- fixed length control field: 130508n| azannaabn |n aaa c
010 ## - LIBRARY OF CONGRESS CONTROL NUMBER
- LC control number: no2013050311
035 ## - SYSTEM CONTROL NUMBER
- System control number: (OCoLC)oca09468881
040 ## - CATALOGING SOURCE
- Original cataloging agency: ScCleU
- Language of cataloging: spa
- Transcribing agency: Mx-PuUPA
- Description conventions: rda
- Modifying agency: Mx-PuUPA
100 1# - HEADING--PERSONAL NAME
- Personal name: Donovan, Jeremey,
372 ## - FIELD OF ACTIVITY
- Field of activity: Marketing
- Field of activity: Public speaking
- Source of information: (Author biography. Group Vice President of Marketing at Gartner Inc., public speaker, TEDx organizer, and member of Toastmasters International)
- Uniform Resource Identifier: http://www.amazon.com/How-Deliver-TED-Talk-Presentations/dp/1468179993
373 ## - ASSOCIATED GROUP
- Associated group: Gartner, Inc.
- Associated group: Toastmasters International
374 ## - OCCUPATION
- Occupation: Marketing executive
- Occupation: Vicepresidente de Marketing de Gartner Inc.
- Occupation: Autor
375 ## - GENDER
- Gender: man
377 ## - ASSOCIATED LANGUAGE
- Language code: eng
670 ## - SOURCE DATA FOUND
- Source citation: How to deliver a TED talk, 2012:
- Information found: t.p. (Jeremey Donovan)
670 ## - SOURCE DATA FOUND
- Source citation: Método TED para hablar en público : los secretos de las conferencias que triunfan en todo el mundo, 2013:
- Information found: t.p. (Jeremey Donovan) de portada
670 ## - SOURCE DATA FOUND
- Source citation: Biblioteca del congreso (Estados Unidos), 04 diciembre 2019:
- Information found: Catálogo electrónico
- Uniform Resource Identifier: http://bit.ly/2OQYyR2
678 0# - BIOGRAPHICAL OR HISTORICAL DATA
- Biographical or historical data: Jeremey Donovan is Group Vice President of Marketing at Gartner Inc., a leading information technology research and advisory company. He is also an avid public speaker, TEDx organizer, and member of Toastmasters International.